000 00593nam a2200229Ia 4500
003 OSt
005 20220928125114.0
006 a|||||r|||| 00| 0
007 ta
008 220927b |||||||| |||| 00| 0 eng d
024 _a145380
037 _cTextual
040 _aSDCL
_cSDCL
_beng
041 _2eng
_aeng
082 _aY:4, L4
100 _aShoham S Giora
_9468003
245 0 _aSociety and the absurd
260 _aNew York
_b Springer Publishing
_c1974
300 _axvii,214p
_ccm.
942 _hY:4, L4
_cTEXL
_2CC
999 _c780891
_d780891